000 00903nmm a2200265 a 4500
001 ocm000692566
003 TR-IsHL
005 20201028135353.0
008 131209s2003 tu tur
007 cr cn
035 _a692566
_b(N$T)
050 0 4 _aPR6019.O9
_bU4 2003
090 0 4 _aPR6019.O9
_bU4 2003
100 1 _aJoyce, James
245 1 0 _aUlysses: (Proteus ve Lestrygonian'lar bölümleri)
_h[electronic resource] /
_cJames Joyce ; çev. Yaşar Günenç
260 _aİstanbul :
_bYaba Yayınları,
_c2003
300 _a86 p.
650 4 _aDil ve Edebiyat
650 4 _aLanguage and Literature
650 0 _aİngiliz romanı
650 0 _aEnglish fiction
650 7 _aLITERARY COLLECTIONS / European / English, Irish, Scottish, Welsh
_2bisacsh
700 1 _aGünenç, Yaşar
856 4 0 _uhttp://search.ebscohost.com/login.aspx?direct=true&scope=site&db=e011xww&AN=692566
999 _c6706
_d6706